[Event "Syre Memorial op 29th"]
[Site "Issy les Moulineaux"]
[Date "2006.05.27"]
[Round "5"]
[White "Draoui, Najib"]
[Black "Shchekachev, Andrei"]
[Result "0-1"]
[WhiteElo "2369"]
[BlackElo "2592"]
[Annotator "Primel,D"]
[PlyCount "64"]
[EventDate "2006.05.25"]
[EventType "swiss"]
[EventRounds "6"]
[EventCountry "FRA"]
[SourceTitle "EXT 2007"]
[Source "ChessBase"]
[SourceDate "2006.11.23"]
[SourceVersion "1"]
[SourceVersionDate "2006.11.23"]
[SourceQuality "1"]

1. e4 c5 2. Nf3 d6 3. d4 cxd4 4. Nxd4 Nf6 5. Nc3 a6 6. Be3 e6 7. f3 b5 8. g4 h6
9. Qd2 Nbd7 10. O-O-O Bb7 11. h4 (11. Bd3 Ne5 12. Rhe1 b4 13. Na4 d5 14. exd5
Nxd5 15. f4 Qd7 {[%cal Gd7a4]} (15... Nxg4 16. Nxe6 fxe6 17. Bd4 Bd6 (17...
Ngf6 18. Bg6+ Kd7 19. Nb6+ Kc7 20. Rxe6 $40) 18. Qe2 Nxf4 19. Qxg4) 16. b3)
11... b4 12. Na4 {La variante critique sur l'attaque anglaise depuis plusieurs
années} Qa5 $1 13. b3 {[%cal Ga2a3,Gd2a5]} Nc5 14. a3 Nxa4 (14... Rc8 15. Qxb4
(15. axb4 Nxb3+ 16. Nxb3 Qxa4 17. Kb2 d5 18. c3 dxe4 19. Ra1 Qd7 20. Qxd7+ Kxd7
(20... Nxd7 $143 21. Na5 $14 Bd5 22. Bxa6 Rb8 23. fxe4 Bxe4 24. Rhe1 Bd5) 21.
Rd1+ Kc7 22. Bf4+ Kb6 23. Be3+ Kc7 {[%csl Rc7] Avec un échec perpétuel})) 15.
axb4 Qc7 16. bxa4 Nd7 ({RR} 16... d5 17. b5 dxe4 18. bxa6 Bxa6 19. Bxa6 Rxa6
20. Nb5 Qc8 21. Bf4 Nd5 22. fxe4 Nxf4 23. Qxf4 Rc6 24. Rhf1 f6 25. e5 Rxc2+ 26.
Kb1 Qc4 27. Qxc4 Rxc4 28. exf6 gxf6 29. Rxf6 Be7 30. Rxe6 Rb4+ 31. Kc2 {
Ivanchuk,V (2716)-Van Wely,L (2617)/Monte Carlo 2004/CBM 099 ext/1-0 (38)}) 17.
Nb3 d5 18. Na5 $5 $146 {[%cal Ga5b7,Gc2c4,Ra5c4] L'idée de la nouveauté est
probablement de gagner un tempo sur le Bb7 et de protéger le P "c4"} ({RR} 18.
Rh3 Rc8 19. Bd3 Be7 (19... Bd6 {Melnikova,Y (2301)-Sebag,M (2417) EU-ch (Women)
6th (6) 0-1}) 20. Kb1 Nb6 21. Bxb6 Qxb6 22. a5 Qxb4 23. Qxb4 Bxb4 24. exd5 exd5
25. Bf5 Rc7 26. Rh2 Re7 27. Kb2 Re3 28. Rd3 Rxd3 29. Bxd3 O-O 30. c3 Be7 31. h5
Rb8 32. Re2 Kf8 {Toma,K (2224)-Michalik,P (2225)/Frydek Mistek 2005/CBM 105
ext/0-1 (43)}) ({RR} 18. Kb1 Rc8 ({RR} 18... dxe4 19. c4 ({RR} 19. f4 Nf6 20.
Be2 Nd5 21. Nc5 Rb8) ({RR} 19. Na5 Bd5 20. f4 ({RR} 20. c4 Bxb4 21. Qxb4 Rb8)
20... Rb8 21. b5 Bc5 22. Qc3 O-O) ({RR} 19. fxe4 Bxe4 20. Bg2 Bxb4 21. Qxd7+
Qxd7 22. Rxd7 Bxg2 23. Rhd1 Bf3) ({RR} 19. b5 exf3 20. b6 Qc8 21. Na5 Nf6 22.
Nxb7 Qxb7 23. a5) 19... exf3 20. a5) 19. c4 {La dernière partie de référence
sur cette variante} ({RR} 19. exd5 Bxb4 20. Qe2 e5) 19... dxc4 ({RR} 19... dxe4
20. f4) 20. Bxc4 Bxb4 ({RR} 20... Ne5 21. Be2 Bc6 22. Bf4 Bxa4 23. Rc1 Qd8 24.
Bxe5 Bxb3 25. Rxc8 Qxc8 26. Rc1) ({RR} 20... Be7 21. Be2 Rd8 22. b5) 21. Qxb4 (
{RR} 21. Qd4 Ne5) 21... Qxc4 22. Qxc4 ({RR} 22. Qxb7 Rc7 23. Qa8+ Rc8 24. Qb7
Rc7 25. Rxd7 Rxd7 26. Qb6 Rd6 27. Qxd6 Qxb3+) 22... Rxc4 23. Rc1 Ne5 ({RR} 
23... Rxa4 24. Rc7 Rb4 25. Ka2 Kd8 26. Rhc1 Ne5 27. Ka3 Rb5 28. Nd4 Rb6 29. Bd2
Rb1 30. Ba5) ({RR} 23... Rb4 24. Kb2 Nb6 ({RR} 24... f5 25. Ka3 Rxb3+ 26. Kxb3
fxe4 27. Rc7 Bd5+ 28. Kb4) 25. Bxb6 Rxb6 26. a5) ({RR} 23... Rxc1+ 24. Rxc1 Ke7
25. Rc7 Rb8 26. Nc5 Bc6+ 27. Ka2 Kd6 28. Nxd7 Kxc7 29. Nxb8 Kxb8 30. a5) 24.
Rxc4 Nxc4 25. Bd4 O-O ({RR} 25... e5 26. Rc1) 26. Rc1 Rc8 27. Ka2 ({RR} 27. Nc5
Nd2+ 28. Kb2 Nxf3) 27... f6 ({RR} 27... Nd6 28. Nc5 Ba8 29. Rc3) ({RR} 27...
Rc6 28. Nc5 e5 29. Rxc4 ({RR} 29. Bf2 Nd2 30. Rc3) 29... exd4 30. Kb3 Bc8 31.
a5 Rd6 32. Kc2) 28. Nc5 Na5 ({RR} 28... Nd2 29. Rc3 Rd8 30. Bxf6 gxf6 31. Nxb7)
29. Rc3 Rc6 ({RR} 29... e5 30. Be3 Rc7 31. h5) 30. Ka3 e5 ({RR} 30... Rd6 31.
Be3 e5 32. Kb2 Bc8 33. Nb3 Nc6 34. Bc5) 31. Bxe5 Ba8 ({RR} 31... fxe5 32. Kb4
Rxc5 33. Kxc5 Nc6 34. Kb6 Nd8 35. Kc7) 32. Kb4 Nb7 {Belov,V (2582)-Ehlvest,J 
(2622)/Moscow 2005/CBM 106/[Ftacnik]/1-0 (40)} {RR} 33. Nxb7 Bxb7 34. Rxc6 Bxc6
35. Bd4) ({RR} 18. b5 Qd6 19. Kb1 Qa3 20. Qc1 Qxa4 21. Rd4 Bb4 22. Qb2 a5 23.
exd5 e5 24. Rd1 Rc8 25. c4 Nf6 26. Qa2 Nxd5 27. cxd5 Qxa2+ 28. Kxa2 Rc2+ 29.
Kb1 Rc3 30. Rd3) ({RR} 18. Kb2 Rc8 ({RR} 18... dxe4 19. c4 Be7 20. c5 exf3 21.
Qh2 Bf6+ 22. Bd4 Be5 23. Bxe5 Qxe5+ 24. Qxe5 Nxe5 25. Rd6 Ke7 26. Na5 {RR} Bd5
27. Rg1 h5 28. g5 Ng4 29. Nc6+ Kf8 30. Bxa6 g6 31. Bb5 f2 32. Rc1 Ne3 33. Ne5
f1=Q 34. Bxf1 Rxa4 35. Kc3 Kg7 36. Ra6 Ra8 37. Rxa8 Rxa8 38. Kd2 Nf5 39. b5 f6
40. Nd7 fxg5 41. hxg5 {Zavoronkov,V (2385)-Kanep,M (2389)/Kilingi Nomme 2002/
EXT 2003/1-0 (64)}) 19. c3 Be7 20. exd5 Bxd5 21. Bxa6 O-O 22. c4 Bf6+ 23. Ka3
Ra8 24. Bb5 Bc6 25. Qd6 Bxb5 26. cxb5 Qc2) 18... Rc8 19. c4 $6 {[%csl Rc1]
très risqué, le Na5 protège c4 mais il est aussi moins bien placé que dans la
partie de BELOV pour protéger le K blanc qui est très exposé.} Ba8 20. c5 Nxc5
$1 {La réfutation du plan blanc, le roque explose et le K est а découvert} 21.
bxc5 Bxc5 22. Bxc5 Qxc5+ 23. Kb2 Rb8+ 24. Nb3 Qb6 25. Qc3 O-O 26. a5 Qa7 27. e5
(27. Rh2 {[%cal Gh2b2]} Rxb3+ $1 (27... dxe4 28. Rc2 $15) 28. Qxb3 (28. Kxb3
Rb8+ 29. Ka2 dxe4 30. Rb2 Bd5+) 28... Rb8) 27... Rfc8 28. Qd4 Qb7 29. Qb6 Qd7
$1 30. Qe3 $2 (30. Qd4 $8) 30... Qa4 $19 31. Ra1 Qb4 32. Rd1 Qxa5 {[%mdl 8]
suite illisible et gain noir au 41ème coup} 0-1

[Event "Moscow Aeroflot op-B"]
[Site "Moscow"]
[Date "2005.02.23"]
[Round "9.4"]
[White "Wang, Hao"]
[Black "Psakhis, Lev"]
[Result "1/2-1/2"]
[WhiteElo "2455"]
[BlackElo "2545"]
[Annotator "Psakhis,L"]
[PlyCount "97"]
[EventDate "2005.02.15"]
[EventType "swiss"]
[EventRounds "9"]
[EventCountry "RUS"]
[SourceTitle "CBM 107"]
[Source "ChessBase"]
[SourceDate "2005.08.01"]
[SourceVersion "1"]
[SourceVersionDate "2005.08.01"]
[SourceQuality "1"]

1. e4 c5 2. Nf3 e6 3. d4 cxd4 4. Nxd4 a6 5. Nc3 d6 6. Be3 b5 7. Qd2 Bb7 8. f3
Nd7 9. O-O-O Ngf6 10. g4 Nb6 11. Qf2 Nfd7 12. Bd3 Rc8 13. Nce2 Na4 14. Kb1 Ndc5
15. Bc1 (15. b3 Nxd3 16. cxd3 Nc5 17. Ng3 Be7 18. Qb2 b4 19. Nh5 Rg8 20. Ne2 g6
21. Nhf4 a5 22. d4 Nd7 23. d5 e5 24. Nd3 Ba6 25. Qd2 Bf6 26. Rc1 Bb5 27. g5 Bg7
28. Nb2 Ke7 29. f4 exf4 {Polgar,J-Kasparov,G/Cannes 2001/CBM 082/[Ftacnik]/0-1
(50)}) (15. g5 Qc7 16. Bc1 g6 17. Qe3 Nxd3 18. Qxd3 Bg7 19. h4 e5 20. Nb3 O-O
21. Ng3 Rfd8 22. h5 d5 23. Qe2 Qc4 24. Qg2 dxe4 25. Rxd8+ Rxd8 26. Nxe4 Bxe4
27. fxe4 Qe6 28. hxg6 Qxg6 29. Qf3 Nb6 {Zaltz,D-Huzman,A/Ramat Aviv 2004/CBM
102 ext/0-1 (47)}) 15... Be7 $146 (15... Qc7 16. Ng3 g6 (16... d5 17. Rhe1 dxe4
18. Nxe4 Nxd3 19. Rxd3 Bb4 20. Red1 O-O 21. a3 Bc5 22. Nxc5 Qxc5 23. Be3 Qc7
24. Bc1 Rfd8 25. g5 Qc4 26. Qd2 Bd5 27. Nb3 Nc5 28. Rc3 Nxb3 29. cxb3 Qh4 30.
Ka1 Rxc3 31. Qxc3 {Almasi,Z-Gelfand,B/Monte Carlo 2003/CBM 093 ext/0-1 (46)})
17. f4 e5 18. fxe5 dxe5 19. Nb3 Bg7 20. h4 O-O 21. h5 Rfd8 22. Nxc5 Nxc5 23.
Qh2 Bh8 24. hxg6 fxg6 25. Be3 Nxd3 26. Bb6 Qf7 27. Bxd8 Nb4 28. c4 Rxc4 29. Ba5
Nc6 30. Bb6 Nd4 {1/2-1/2 Almasi,Z-Van Wely,L/Monaco 2002/CBM 087 ext (45)}) 16.
b3 Nxd3 17. cxd3 Nc5 18. Bb2 b4 (18... O-O $5) 19. Ng3 (19. Nc2 O-O 20. Nxb4 a5
21. Nc2 d5 $44) 19... a5 (19... O-O 20. Nh5) 20. Nde2 (20. Nh5 Rg8) 20... a4
21. d4 Nd7 22. d5 axb3 23. axb3 O-O $1 24. Nf4 Nc5 (24... e5 25. Nd3) 25. e5
Bg5 (25... Qa5 $5 26. exd6 (26. dxe6 Ra8 $19 27. Bd4 fxe6) 26... Bxd6 27. Nfh5
Bxd5 28. Bxg7 $132) (25... Ra8 $142 26. exd6 Qxd6 $40 {[%cal Od6f4,Gd6a6]}) 26.
Ngh5 Bxf4 27. Nxf4 Qg5 $6 (27... dxe5 $5 28. Bxe5 (28. dxe6 Qf6) 28... exd5 29.
Qb2 f6 30. Bd4 Qd6 $17) 28. Rhe1 $1 (28. Qe3 dxe5) 28... Nxb3 $6 (28... dxe5 $5
29. Bxe5 exd5 $15 (29... Bxd5 30. Nxd5 (30. h4 Be4+ 31. Rxe4 Nxe4) 30... exd5
31. Rxd5 Nxb3 32. Kb2 Rfd8)) (28... Qxf4 $2 29. Bc1 {[%csl Rf4]}) 29. Qe3 $1
dxe5 (29... Na5 30. h4 Qxh4 31. Rh1) 30. Bxe5 Na5 31. h4 Qe7 (31... Qxh4 $5 32.
Rh1 Nc4) 32. Bxg7 $3 (32. d6 $5 Qd7 (32... Qd8 33. d7 Ra8) 33. Bxg7 Qa4 $1 (
33... Kxg7 34. Qe5+ f6 35. Nxe6+)) (32. dxe6 Nc4 33. Rd7 Qxh4 34. Ng2 Qh3 35.
Rxf7 Rxf7 36. exf7+ Kxf7) 32... Kxg7 33. d6 Qd8 34. Qe5+ Kg8 35. Nh5 f6 36.
Qxe6+ Rf7 $138 (36... Kh8 37. Qe7 (37. Qf5 Rc3 $8 38. Re7 Rb3+ $11) 37... Qxe7
38. dxe7 Rfe8 39. Nxf6 $18) 37. d7 Ra8 38. Qe8+ $2 (38. g5 $1 Qf8 39. Nxf6+ Kh8
40. Qxf7 Qxf7 41. d8=Q+ Rxd8 42. Rxd8+ Kg7 43. Rd7 $18) (38. Qa2 Bxf3 39. Re8+
Qxe8 40. Nxf6+ Kf8 41. dxe8=Q+ Rxe8 42. Nxe8 Bxd1 43. Nd6 Rd7 44. Qe6 Bxg4 45.
Qxg4 Rxd6 46. Qxb4 Ke7 47. Qxa5 $18) 38... Rf8 39. Re7 (39. g5) 39... Rxe8 40.
Nxf6+ Kf8 41. dxe8=Q+ (41. Rxe8+ Kg7) 41... Qxe8 42. Rxe8+ Rxe8 43. Nxe8 Kxe8
$11 44. f4 Bf3 45. Re1+ Kf7 46. g5 Nc4 47. Kc2 Nd6 48. Re5 Bg4 49. Kb3 (49. Kb3
Kg6) 1/2-1/2

[Event "Herzliya"]
[Site "Herzliya"]
[Date "1998.09.09"]
[Round "4"]
[White "Liss, Eran"]
[Black "Psakhis, Lev"]
[Result "0-1"]
[WhiteElo "2505"]
[BlackElo "2560"]
[Annotator "Psakhis,L"]
[PlyCount "50"]
[EventDate "1998.09.??"]
[EventType "tourn"]
[EventRounds "11"]
[EventCountry "ISR"]
[EventCategory "10"]
[SourceTitle "EXT 1999"]
[Source "ChessBase"]
[SourceDate "1998.11.16"]
[SourceVersion "1"]
[SourceVersionDate "1998.11.16"]
[SourceQuality "1"]

1. e4 c5 2. Nf3 e6 3. d4 cxd4 4. Nxd4 a6 5. Nc3 d6 6. Be3 Nf6 7. f3 b5 8. g4
Bb7 9. g5 (9. Qd2 $5) 9... Nfd7 10. Qd2 Nb6 11. Bd3 N8d7 12. O-O-O Rc8 (12...
Ne5 13. Qe1 Be7 14. Kb1 Qc7 15. f4 Nec4 16. Bc1 Rc8 {~~ Frolov,A-Maksimenko,A/
Ukraine 1993 (22)}) (12... b4 13. Nce2 d5 14. Nf4 $13) 13. h4 {1h04} Ne5 14. h5
$6 {N} (14. b3 d5 15. Nce2 Nbc4 $1 16. Bxc4 bxc4 17. f4 Ng4 18. Rhg1 Nxe3 19.
Qxe3 Qa5 $40 {1-0 Ptacnikova,L-Krupkova,P/Wch G20 Medellin 1996 (30)}) (14. Qf2
Nec4 15. h5 Nxe3 16. Qxe3 b4 17. Nce2 Nc4 18. Bxc4 Rxc4 19. g6 Qf6 $132 {
0-1 Manu,D-Marin,L/ROM t-ch 1994 (37)}) (14. Kb1 $5) 14... b4 $1 (14... Nbc4
15. Bxc4 Nxc4 16. Qd3) 15. Nce2 (15. Nb1 Nbc4 16. Qe1 Qa5) 15... Nec4 16. Bxc4
Nxc4 17. Qd3 {1h31} (17. Qxb4 $5 Nxe3 18. Qxb7 Nxd1 19. Kxd1 (19. g6 hxg6 (
19... Qc7 20. gxf7+ Kxf7 21. Qxc7+ (21. Qb3 Qc4 $17) 21... Rxc7 22. Rxd1 $15)
20. hxg6 Rc7 21. gxf7+ Kxf7 22. Nxe6 $1 Qe7 23. Nxc7 Rxh1 24. Qd5+ Kg6 25. Nf4+
Kh6 $19) 19... Be7 $15) 17... e5 $1 18. Nf5 {1h36} (18. Nb3 a5 $5 (18... Qc7)
19. g6 (19. Nc5 $2 Nxe3 20. Nxb7 Qb6 $19) 19... Qc7 (19... Ba6 20. gxf7+ Kxf7
21. Bf2 $13) 20. Bf2 a4 21. Nd2 Ba6 $36) 18... g6 $1 19. hxg6 fxg6 20. Nh6 (20.
Nh4 $5 Bg7 $5 21. Ng2 O-O 22. Rh3 d5 $1 $36) 20... Be7 21. Rhg1 $8 (21. f4 Rf8
$1 22. Rhf1 (22. Ng4 exf4 (22... Nxe3 23. Qxe3 exf4 24. Nxf4 $2 Rxf4 $19) 23.
Bxf4 Bxg5 $19) 22... exf4 23. Rxf4 (23. Bxf4 Bxg5 24. Ng4 Qe7 $19) 23... Nxe3
24. Rxf8+ Kxf8 25. Qb3 (25. Qxe3 Bxg5 26. Nf4 Bxh6 27. Nxg6+ Kg8 $5 28. Qxh6
Bxe4 $19) 25... Rxc2+ 26. Kb1 Rc4 (26... Rxb2+ 27. Qxb2 Bxe4+ 28. Ka1 Nc2+ 29.
Kb1 Ke8 30. Ng3 Ne3+ 31. Nxe4 Nxd1 $19) 27. Qxe3 (27. Rd4 Bxg5 28. Rxc4 Nxc4
29. Qxc4 Bxh6 $19) (27. Nd4 Bxe4+ 28. Ka1 Bxg5 $1 29. Ne6+ Ke8 30. Nxd8 Nc2+
$19) 27... Bxe4+ 28. Ka1 Bxg5 29. Qf2+ Qf6 $19) 21... Rf8 $1 22. Rg3 (22. b3
Na3 23. Rd2 Rxf3 24. Kb2 Qc7 $19) (22. Bd2 Nxd2 23. Qxd2 (23. Rxd2 Bxg5 24.
Rxg5 Qxg5 25. Qxd6 Rxf3 $1 26. Kb1 Rf1+ 27. Nc1 Rd8 28. Qe6+ Qe7 $19)) 22... d5
$1 23. f4 $138 {(4)} (23. exd5 Qxd5 $1 24. Qb3 (24. Qxd5 Bxd5 25. Ng4 (25. Rxd5
Nxe3 26. Rd2 Nf1 $19) 25... Bxf3 26. Nf6+ Bxf6 27. gxf6 Nxe3 $19) 24... Qc6 $5
(24... Qa5 25. Bd2 Bd5 $19) 25. Ng4 Na5 $1 26. Qd3 Rd8 $19) (23. b3 Na3 (23...
dxe4 $5 24. Qxc4 Qxd1+ 25. Kxd1 Rxc4 26. bxc4 exf3 $19) 24. Rd2 dxe4 $19) 23...
dxe4 (23... Nxe3 24. Rxe3 (24. Qxe3 exf4 25. Nxf4 Qc7 $19) 24... exf4 25. Nxf4
(25. Rh3 dxe4 26. Qb3 Qa5 $19) 25... Rxf4 26. exd5 Kd7 $1 (26... Rf2 $2 27. d6
Rcxc2+ 28. Qxc2 Rxc2+ 29. Kxc2 $18) 27. Kb1 Bd6 $19) 24. Qb3 (24. Qxd8+ Rxd8
25. Rxd8+ Kxd8 $19) 24... Qc7 $1 25. fxe5 (25. Qa4+ Qc6 (25... Bc6 26. Qxa6 (
26. Qb3 Nxe3 27. Rxe3 exf4 $19) 26... Nxe3 (26... Bd7 $5) 27. Rxe3 exf4 $19)
26. Qxc6+ Bxc6 $19) 25... Na5 $1 (25... Nxe3 26. Rxe3 Bxg5 $19) (25... Na5 $1
26. Qa4+ Bc6 $19) 0-1

[Event "Pula zt 1.2"]
[Site "Pula"]
[Date "2000.04.19"]
[Round "8"]
[White "Nedev, Trajce"]
[Black "Psakhis, Lev"]
[Result "0-1"]
[WhiteElo "2483"]
[BlackElo "2599"]
[Annotator "Psakhis,L"]
[PlyCount "132"]
[EventDate "2000.04.11"]
[EventType "swiss"]
[EventRounds "11"]
[EventCountry "CRO"]
[SourceTitle "CBM 077"]
[Source "ChessBase"]
[SourceDate "2000.07.27"]
[SourceVersion "1"]
[SourceVersionDate "2000.07.27"]
[SourceQuality "1"]

1. e4 c5 2. Nf3 d6 3. d4 cxd4 4. Nxd4 Nf6 5. Nc3 a6 6. Be3 e6 7. f3 b5 8. g4
Nfd7 {Fashionable line, but 8... h6 maybe stronger} 9. Qd2 Nb6 10. O-O-O (10.
a4 bxa4 11. Nxa4 Nxa4 12. Rxa4 Be7 13. Be2 O-O 14. O-O Bb7 15. Rfa1 Nd7 16. Nb3
Rb8 17. Ba7 Rc8 18. Na5 Ba8 19. Bxa6 Ne5 20. Be2 f5 $13 {Anand,V-Kasparov,G/
Kopavogur final 2000 1/2-1/2 (41)}) (10. Qf2 N8d7 11. a4 Nxa4 12. Nxa4 bxa4 13.
Rxa4 Bb7 14. Be2 Be7 15. O-O h5 16. gxh5 Rxh5 17. Qg2 Kf8 18. f4 Rh7 19. f5 e5
{Lederer,Y-Purtov,A/Berlin op 1998/0-1 (34)}) 10... Bb7 11. Bg5 $1 {This
strong move was introduced into practice by Morozevich and puts many problems
before black} (11. Nb3 Nc6 12. Qf2 Nd7 13. Kb1 Nce5 14. g5 Rb8 15. h4 b4 16.
Ne2 Be7 17. Rg1 Qc7 18. h5 g6 {Bologan,V-Akopian,V/Vermont op 1999/1-0 (57)})
11... Qc8 $5 $146 (11... Qc7 12. Ndxb5 axb5 13. Nxb5 Qc6 14. Nxd6+ Bxd6 15.
Qxd6 Qxd6 16. Rxd6 N6d7 17. Kb1 h5 18. gxh5 Rxh5 19. h4 Ba6 20. Bg2 f6 21. Bd2
Nf8 {Morozevich,A-Shipov,S/RUS t-ch 1998/1-0 (41)}) ({Just few days later
Judit Polgar played} 11... Be7 {but White keeps some initiative after} 12. Bxe7
Qxe7 13. Nb3 Nc8 (13... d5 14. Qd4 Qg5+ 15. Kb1 N8d7 16. Na5 $16) 14. h4 Nd7
15. g5 O-O 16. Kb1 Ra7 17. Nd4 {1/2-1/2 Gunawan,R-Polgar,J/Bali Japfa Classic
2000/ (46)}) 12. Bd3 N8d7 13. Kb1 b4 14. Nce2 d5 15. exd5 Nxd5 16. Rhe1 Bc5 17.
Bf5 $1 {[%csl Re8][%cal Re1e8,Rf5e6,Rd4e6][%mdl 256] To be honest I just
forgot about this move- Black is almost lost already} Bxd4 $8 ({In the
beggining I start to calculate principal} 17... exf5 {but found after force}
18. Nf4+ Kf8 19. Nxd5 Bxd5 20. Nxf5 Bxf3 {killing move} 21. Bh6 $3 (21. Qxd7
Bxd1 22. Be7+ Bxe7 23. Qxe7+ Kg8 24. Rxd1 $44) (21. Bf4) 21... Kg8 $8 22. Qg5
g6 23. Rxd7 Qxd7 24. Qf6 $18) (17... Ne5 18. Nf4 Nc4 19. Qd3 $16) 18. Nxd4 Nc5
19. Be4 $1 {[%csl Rb4]} O-O 20. Bxd5 Bxd5 21. Qxb4 (21. Nf5 Bxa2+ 22. Kxa2 exf5
23. Be7 Re8 24. Qxb4 Ne6 25. gxf5 Rb8 $13) 21... Rb8 22. Qa3 Qc7 $1 23. Nf5 $2
{I just dreamed that Nedev will make this move} ({After} 23. Bh4 $5 {black
hasn't too many chances for survival}) 23... exf5 24. Rxd5 (24. Be7 Rfc8 25.
Bxc5 Qc6 $1 $13 (25... Qxc5 $5 26. Re8+ Rxe8 27. Qxc5 Bxf3)) 24... Na4 $3 {
[%cal Gb8b2,Ga4c3][%mdl 64] Nice trick} 25. Rd8 $1 (25. Rd3 Nxb2 (25... Rxb2+
$2 26. Ka1 Qxc2 $2 27. Qxf8+ $1) 26. Rb3 Nc4 27. Qe7 Qxh2 $1 28. gxf5 Rfc8 $40)
(25. Qxa4 Qc3 $19) 25... Rfxd8 26. Bxd8 Qc6 ({Maybe} 26... Qd7 $1 $17 {was
stronger}) 27. Qe7 $1 Rxb2+ 28. Ka1 h5 $1 {[%mdl 4096]} 29. Qe8+ $8 Qxe8 30.
Rxe8+ Kh7 31. Re2 $1 hxg4 32. fxg4 Rb8 $2 $138 ({I had less than two minutes
left and start to play terribly -} 32... fxg4 $1 {[%cal Gf7f5]} 33. Re4 $140 $2
Rxa2+ $1 34. Kxa2 Nc3+ 35. Kb3 Nxe4 $19 {wins immediately}) 33. Ba5 Rb5 (33...
fxg4 34. Re4) 34. Be1 (34. Bd2 fxg4 35. Re4 Rd5 $1 36. Bc1 Rd1 37. Rxa4 Rxc1+
38. Kb2 Rg1 39. Rxa6 f5 $17 {[%csl Gf5,Gg4]}) 34... Rd5 $1 35. a3 $1 fxg4 36.
Ka2 Nb6 $2 $138 {Second mistake leads to unclear ending} (36... Rb5 $5 {
[%csl Ra2]} 37. c4 Rb8 38. Rc2 Nc5 $17) 37. Kb3 {[%cal Gc2c4]} Kg6 (37... Rb5+
38. Bb4 {[%cal Gc2c4]}) 38. c4 $132 {[%csl Rc4]} Rh5 39. Rd2 f6 40. Bg3 Rc5 41.
Rd4 Kf5 42. Kb4 Rc6 43. c5 Nc8 44. Rf4+ (44. Rd7 g5 45. Rc7 Rxc7 46. Bxc7 Ke6
47. Ka5 Kd7 48. Bg3 Kc6) 44... Kg5 (44... Ke6 45. Rxg4 g5 $11) 45. Re4 (45. Rd4
$5 f5 46. Be5) 45... f5 46. Re8 Kf6 47. Kc4 Kf7 48. Rd8 (48. Re5 Ne7 49. Bh4
Re6 $19) 48... g5 $15 49. Rd7+ Ke6 50. Rg7 f4 51. Rg6+ Kd7 52. Rg7+ Ne7 53. Bf2
Rg6 (53... Rh6 54. c6+ $1 Rxc6+ 55. Bc5 $11) 54. Rh7 (54. c6+ $142 $1 Ke6 (
54... Rxc6+ 55. Bc5 Re6 56. Rxg5 $11) 55. Rxg6+ Nxg6 56. Kc5 Ne7) 54... Re6 55.
Rg7 Re2 56. Bd4 f3 $1 (56... Rxh2 57. Bf6) 57. Kd3 (57. Rxg5 Re4 $19 {[%cal
Re4d4]}) 57... Re1 $138 (57... Rxh2 $142 $1) 58. Kd2 Re4 59. Kd3 Re1 60. Kd2
Re2+ 61. Kd3 Rxh2 $5 (61... Ra2 $5) 62. c6+ $2 {We both were wery tired
already, othercase White  will play simple} (62. Bf6 $1 Re2 63. Bxg5 g3 64.
Bxe7 (64. c6+ Kxc6 65. Bxe7 g2) 64... Rxe7 65. Rxg3 Rf7 66. Rg1 Kc6 67. Kd4 f2
68. Rf1 Rf3 69. Ke4 Rxa3 70. Rxf2 Kxc5 71. Rf8 $11) 62... Kxc6 $1 63. Rxe7 g3
$19 {[%csl Gf3,Gg3]} 64. Re6+ Kd7 65. Rg6 (65. Rxa6 Rh1 66. Ra7+ Ke6 (66... Kc6
67. Ra6+ Kb7 68. Ra7+ Kb8 69. Rf7 Rd1+ $19) 67. Ra6+ Kf5 68. Ra5+ Kg4 69. Ra4
Rd1+ 70. Kc2 Rxd4 71. Rxd4+ Kh3 $19) 65... Rh1 66. Rxg5 f2 0-1

[Event "Balaguer op"]
[Site "Balaguer"]
[Date "1998.07.18"]
[Round "3"]
[White "Garbisu de Goni, Unai"]
[Black "Psakhis, Lev"]
[Result "0-1"]
[WhiteElo "2395"]
[BlackElo "2560"]
[Annotator "Psakhis,L"]
[PlyCount "90"]
[EventDate "1998.07.??"]
[EventType "swiss"]
[EventRounds "1"]
[EventCountry "ESP"]
[SourceTitle "CBM 067"]
[Source "ChessBase"]
[SourceDate "1998.11.30"]
[SourceVersion "2"]
[SourceVersionDate "1998.11.01"]
[SourceQuality "1"]

1. e4 c5 2. Nf3 d6 3. d4 cxd4 4. Nxd4 Nf6 5. Nc3 a6 6. Be3 e6 7. Qd2 b5 8. f3
Bb7 9. g4 Nfd7 10. O-O-O Nb6 11. Bd3 N8d7 12. Kb1 (12. Qf2 $5) 12... Rc8 13. g5
(13. h4 d5 (13... b4 {N} 14. Nce2 d5 15. Ng3 Qc7 (15... Ne5 $2 16. Qe2 $1 Bc5
$1 17. f4 Nec4 (17... Nxd3 18. cxd3 $16) 18. Bxc4 (18. e5 Qc7 $140 $1 19. Bxc4
dxc4 $1 $13) 18... Nxc4 19. g5 (19. e5 $1 $16) 19... Qc7 20. Rh2 (20. h5 $140
$5 Nxe3 21. Qxe3 Bxd4 $6 22. Qxd4 Qxc2+ 23. Ka1 $36) 20... Nxe3 21. Qxe3 dxe4
22. Nxe4 O-O $6 (22... Bb6 $1 23. h5 h6 $1 $13) 23. Nxc5 Qxc5 24. h5 $16 {
1-0 Velimirovic,D-Shipov,S/Jagodina 1994 (34) ->}) (15... e5 16. Nb3 (16. Nde2
$6 d4 17. Bf2 Na4 $1 {/\ Qa5, Nc3->}) (16. Rhe1 $5) 16... Nc4 17. Qe2 Nxe3 18.
Qxe3 d4 19. Qe2 $14) 16. f4 dxe4 $13 {Shipov,S}) 14. Bg5 Qc7 15. Rhe1 Bb4 16.
Ncxb5 Qc5 17. Nb3 Bxd2 18. Nxc5 Nxc5 19. Nd6+ $18 {1-0 Vorobiov,E-Belov,V/
Moscow-ch op 1998 (37)}) 13... b4 $5 $146 (13... Ne5 14. f4 Nec4 15. Bxc4 Nxc4
16. Qd3 b4 17. Nce2 Nxe3 18. Qxe3 Qb6 $13 {1/2-1/2 Doncevic,D-Coenen,N/BL 1996
(58)}) 14. Nce2 d5 15. Nb3 (15. exd5 Nxd5 16. h4 Qb6 $5 17. Nf5 $140 Qc7 $15) (
15. Rhe1 dxe4 16. fxe4 Nc5 17. Ng3 Bd6 $5 $13) 15... Ne5 (15... Nc4 16. Bxc4
dxc4 (16... Rxc4 17. Nf4 $36 dxe4 $140 18. Na5 Rc7 19. Bb6) 17. Na5 Ba8 18. c3
$14) 16. exd5 (16. Ng3 Nbc4 17. Bxc4 Nxc4 18. Qf2 Nxe3 19. Qxe3 Be7 $15) 16...
Nxd5 (16... Nxf3 $5 17. Qc1 Nxd5 (17... Bxd5 18. Bxa6 Rb8 19. Nf4 $16) 18. Be4
Ne5 19. Nf4 $44) 17. Rhf1 (17. Ned4 $5) 17... Bd6 $1 18. Ng3 O-O 19. Ne4 Nxe3
20. Qxe3 Nxd3 21. Rxd3 (21. Nxd6 Qxd6 22. Qxd3 Qc7 $15) 21... Bxe4 22. Qxe4 (
22. fxe4 Qc7) 22... Qc7 23. Rf2 Bf4 $1 24. Qxb4 (24. h4 Rfd8 $19) 24... Bxg5
25. f4 Bf6 $17 26. Qe4 g6 27. Nd4 (27. Rfd2 $5) 27... Qb6 28. c3 Rc4 29. Rfd2 (
29. Rc2 $5) 29... Rfc8 (29... Bxd4 $142 30. cxd4 (30. Rxd4 Rxc3 31. Rd6 Rfc8 $1
32. Qe1 Qe3 $1 $19) 30... Rfc8 $40) 30. Qe3 $6 (30. Ka1 $1 $17) 30... Bxd4 31.
Rxd4 Rxc3 $1 32. Rd8+ Kg7 33. Qe5+ (33. Qe1 Qe3 $19) 33... f6 (33... Kh6 $6 34.
Qg5+ Kg7 35. Qe5+) 34. R2d7+ (34. R8d7+ Kh6) 34... Kh6 35. Qe1 Rc1+ (35... Qf2
$5 36. Qxc3 (36. Qd1 Rxd8 37. Rxd8 Re3 $19) 36... Rxc3 37. bxc3 Qxf4 $19) 36.
Qxc1 Rxc1+ 37. Kxc1 Qg1+ 38. Rd1 Qe3+ $19 39. R1d2 Qxf4 40. b3 e5 41. Kc2 e4
42. Re8 f5 43. Re6 a5 44. a3 Qc7+ 45. Kb2 Qc5 0-1